Music Quiz

Random Music Quiz

Hobbit Unexpected Journey Soundtrack Quiz Stats

 Plays Quiz not verified by Sporcle

Challenge
Share
Tweet
Embed
Score 0/32 Timer 05:00
0 Plays Today
In A Hole In The Ground There Lived A Hobbit % Correct
Misty Mountains
81%
The Hobbit: An Unexpected Journey Special Edition SoundtrackMy Dear Frodo
66.7%
Out of the Frying-Pan
66.7%
Axe or Sword?
61.9%
Roast Mutton
61.9%
An Unexpected Party
52.4%
The World is Ahead
52.4%
Radagast the Brown
52.4%
The Hidden Valley
52.4%
Over Hill
52.4%
Under Hill
52.4%
Riddles in the Dark
52.4%
A Troll-Hoard
47.6%
Warg-Scouts
47.6%
Song of the Lonely Mountain
47.6%
Dreaming of Bag End
47.6%
In A Hole In The Ground There Lived A Hobbit % Correct
Old Friends
42.9%
Blunt the Knives
42.9%
The Hill of Sorcery
42.9%
The Defiler
42.9%
A Thunder Battle
42.9%
A Good Omen
42.9%
The Adventure Begins
38.1%
Moon Runes
38.1%
The White Council
38.1%
Erebor
38.1%
An Ancient Enemy
33.3%
Brass Buttons
33.3%
The Dwarf Lords
33.3%
The Trollshaws
28.6%
The Edge of the Wild
28.6%
A Very Respectable Hobbit
23.8%

You're not logged in!

Compare scores with friends on all Sporcle quizzes.
Join for Free
OR
Log In

You Might Also Like...

Show Comments

Extras

Created Jul 10, 2014ReportNominate
Tags:hobbit, tolkien

Top Quizzes Today


Score Distribution

Your Account Isn't Verified!

In order to create a playlist on Sporcle, you need to verify the email address you used during registration. Go to your Sporcle Settings to finish the process.

Report this User

Report this user for behavior that violates our Community Guidelines.

Details: